| 000 | 01266nam a22002775i 4500 | ||
|---|---|---|---|
| 001 | 160919 | ||
| 003 | ES-MaACL | ||
| 005 | 20250809040615.0 | ||
| 008 | 990730s1740 fr |||| | lat d | ||
| 040 |
_aCCPB | B _bspa _cCCPB | B |
||
| 100 | 1 |
_aOlea, Alfonso de. _9130607 |
|
| 245 | 1 | 0 |
_aD. Alphonsi de Olea ... Tractatus de cessione iurium et actionum _b: in quo insertae sunt, suo loco, additiones, seu resolutiones, ... cum S.R. Rom. decisionibus ad hancce materiam facientibus ... Tomus primus. |
| 250 |
_aEditio postrema _b: in qua praeter hactenus editas decisiones, aliae recentissimae ... Car. Ant. de Luca Spicilegium. |
||
| 260 |
_aLugduni : _bex Officina de Tournes, _c1740. |
||
| 300 |
_a[12], 524, [72] p. ; _cFol. |
||
| 595 | _aLa mención de ed. antecede a la de parte. | ||
| 597 | _aSign.: [cruz latina]6, A-Z6, 2A-2V6, 2X-2Z4, 3A-3G4. | ||
| 597 | _aErrores de pag., p. 263 y 264 repetidas y de 298 pasa a 301. | ||
| 597 | _aAntep. | ||
| 597 | _aPort. a dos tintas con grab. xil. | ||
| 597 | _aTexto a dos col. | ||
| 650 | 0 | 7 |
_aDerecho civil _2embne _911656 |
| 700 | 1 | 1 |
_aLuca, Carlo Antonio de. _9129117 |
| 852 |
_aES-MaACL _jR-1533(1) _z-- Enc. piel no original de la época _x Olim: G-2202 |
||
| 999 |
_c160919 _d160919 |
||